Art House v Banskej Štiavnici - interiér

Na minha lista:
Detalhes bibliográficos
Autor principal: Pitoňáková, Lenka (Author)
Outros Autores: Salcer, Igor (Thesis advisor)
Formato: Manuscrito Livro
Idioma:eslovaco
Publicado em: 2017
Assuntos:
Acesso em linha:http://is.stuba.sk/zp/portal_zp.pl?podrobnosti=128408
Tags: Adicionar Tag
Sem tags, seja o primeiro a adicionar uma tag!

MARC

LEADER 00000ntm a22000003a 4500
001 stuzp63617
003 SK-STU
005 20210215103258.6
007 ta
008 150427s2015----xo-----f-mn---000-0-slo-d
040 |a STU  |b slo 
041 0 |a slo 
100 1 |a Pitoňáková, Lenka  |u 055150  |4 aut  |U FAD Fakulta architektúry  |T FA Ústav interiéru a výstavníctva  |X 82460  |U A5150  |Y 396  |7 82460 
242 0 1 |a Art House in Banska Stavnica - interior  |y eng 
245 1 0 |a Art House v Banskej Štiavnici - interiér 
260 |c 2017 
650 4 |a polyfunkčný objekt  |2 slo 
650 4 |a galéria  |2 slo 
650 4 |a výstavný priestor  |2 slo 
650 4 |a art house  |2 slo 
650 4 |a poly-functional object  |2 eng 
650 4 |a art house  |2 eng 
650 4 |a gallery  |2 eng 
650 4 |a exhibition space  |2 eng 
700 1 |a Salcer, Igor  |u 055150  |k Z1  |4 ths  |U FAD Fakulta architektúry  |T FA Ústav interiéru a výstavníctva  |X 29139  |U A5150  |Y 396  |7 A000029139 
856 4 |u http://is.stuba.sk/zp/portal_zp.pl?podrobnosti=128408  |u https://opac.crzp.sk/?fn=detailBiblioForm&sid=E7FF18FD4FFD5019D8FCEA3CC38C